000 00740cam a2200217 4500500
005 20260111080504.0
041 _afre
042 _adc
100 1 0 _aMourroux, Jérôme
_eauthor
700 1 0 _aPain, Pascal
_eauthor
245 0 0 _aLe nouveau régime de la responsabilité financière des gestionnaires publics
260 _c2022.
500 _a77
690 _acomptabilité générale
690 _acontrôle interne
690 _afinances publiques
690 _agestion publique
690 _aresponsabilité
786 0 _nGestion & Finances Publiques | 6 | 6 | 2022-12-20 | p. 19-24 | 1969-1009
856 4 1 _uhttps://droit.cairn.info/revue-gestion-et-finances-publiques-2022-6-page-19?lang=fr&redirect-ssocas=7080
999 _c1616369
_d1616369